|
|
|
|
| LEADER |
00925cam a22002771a 4500 |
| 001 |
000033830 |
| 003 |
10022 |
| 005 |
20211124100039.0 |
| 008 |
151027s2011 000 vie |
| 041 |
|
|
|a VIE
|
| 082 |
|
|
|a 495.92
|b PH-T
|
| 100 |
|
|
|a Phạm Minh Thảo
|b Nguyễn Kim Loan
|c bien dich
|
| 245 |
|
0 |
|a Van hoa toc ngươi Chau Phi /
|c Phạm Minh Thảo.
|
| 260 |
|
|
|a -H :
|b VH-TT,
|c 2011.
|
| 300 |
|
|
|a 24cm :
|b 432tr;.
|
| 650 |
|
|
|a Van hoa toc nguoi chau phi
|
| OWN |
|
|
|a LNN
|
| AVA |
|
|
|a UDN50
|b LNN
|d 495.92 PH-T
|e available
|t Error 5001 Not defined in file expand_doc_bib_avail.
|f 2
|g 0
|h N
|i 0
|k 1
|
| 999 |
|
|
|a From the UDN01
|
| AVA |
|
|
|a UDN50
|b LNN
|d 495.92 PH-T
|e available
|t Error 5001 Not defined in file expand_doc_bib_avail.
|f 2
|g 0
|h N
|i 0
|k 1
|
| TYP |
|
|
|a Monograph
|
| TYP |
|
|
|a Printed language
|
| 980 |
|
|
|a Mạng thư viện Đại học Đà Nẵng
|